| 000 | 00412nam a2200157Ia 4500 | ||
|---|---|---|---|
| 008 | 160316s1978 xxu||||| |||| 00| 0 eng d | ||
| 082 |
_a382.700000 _bKRA |
||
| 100 | _aKrauss Melvyn B | ||
| 245 | _aThe new protectionism : The welfare state and international trade | ||
| 250 | _a | ||
| 260 |
_aNew York _bNew York University Press _c1978 |
||
| 300 |
_a119p _b _c |
||
| 365 | _b$4.95 | ||
| 650 | _a | ||
| 700 |
_a _a |
||
| 999 |
_c4043 _d4043 |
||